| 000 | 00629nam a2200217 a 4500 | ||
|---|---|---|---|
| 999 |
_c1087 _d1087 |
||
| 001 | 1087 | ||
| 003 | BD-JhCC | ||
| 005 | 20171014205921.0 | ||
| 008 | 171014s1998 bg |||| ||a| 000 0 ben d | ||
| 020 | _a9844150639 | ||
| 035 | _a(BD-JhCC)1087 | ||
| 040 |
_aBD-JhCC _dBD-JhCC |
||
| 041 | _aben | ||
| 082 |
_a891.4409 _bMAD 1998 |
||
| 100 | _aমামুদ, হায়াৎ | ||
| 245 |
_aদিনযাপনের ভূগোলে রবীন্দ্রনাথ / _cহায়াৎ মামুদ |
||
| 300 |
_a68 p. : _c21 cm. |
||
| 650 |
_aBengali Literature _xLiterature |
||
| 942 |
_2ddc _cBK |
||